Struktur frasa bahasa orang asli Duano /
Saved in:
| Main Author: | |
|---|---|
| Format: | Thesis Book |
| Language: | Malay |
| Published: |
2015.
|
| Subjects: | |
| Online Access: | http://studentsrepo.um.edu.my/id/eprint/6399 |
| Tags: |
Add Tag
No Tags, Be the first to tag this record!
|
| LEADER | 01538cam a2200349 a 4500 | ||
|---|---|---|---|
| 001 | u1032064 | ||
| 003 | SIRSI | ||
| 005 | 201605041426 | ||
| 008 | 160504s2015 my a m 00 10 may | ||
| 040 | |a UMM |d UMPM |d AUM |e rda | ||
| 043 | |a a-my-jo | ||
| 090 | |a PL5065 |b UM 2015 Nurhms | ||
| 100 | 0 | |a Nur Hidayah Mohamed Suleiman, |e author. | |
| 245 | 1 | 0 | |a Struktur frasa bahasa orang asli Duano / |c Nur Hidayah bt Mohamed Suleiman. |
| 264 | 1 | |c 2015. | |
| 264 | 4 | |c 2015. | |
| 300 | |a xi, 161 leaves : |b illustrations ; |c 30 cm. | ||
| 336 | |a text |2 rdacontent | ||
| 337 | |a unmediated |2 rdamedia | ||
| 338 | |a volume |2 rdacarrier | ||
| 502 | |b M.Malay Stud. |b Jabatan Kesusasteraan Melayu, Akademi Pengajian Melayu, Universiti Malaya |d 2015. | ||
| 504 | |a Bibliography: leaves 148-153. | ||
| 650 | 0 | |a Indigenous peoples |z Johor. | |
| 650 | 0 | |a Linguistic minorities |z Johor. | |
| 650 | 0 | |a Malay language |x Grammar, Comparative and general |x Noun phrase. | |
| 710 | 2 | 0 | |a Universiti Malaya. |b Jabatan Kesusasteraan Melayu, |e degree granting institution. |
| 856 | 4 | 1 | |u http://studentsrepo.um.edu.my/id/eprint/6399 |
| 900 | |a NSR NSM | ||
| 596 | |a 1 23 25 | ||
| 999 | |a PL5065 UM 2015 NURHMS |w LC |c 1 |i A516442574 |d 5/5/2016 |f 5/5/2016 |g 1 |l STACKS |m P23MELAYU |r Y |s Y |t TESIS |u 5/5/2016 |1 AHSS | ||
| 999 | |a PL5065 UM 2015 NURHMS |w LC |c 1 |i A516412277 |d 4/1/2017 |f 4/1/2017 |g 1 |l STACKS |m P01UTAMA |r Y |s Y |t TESIS |u 4/1/2017 |1 AHSS | ||
| 999 | |a PL5065 UM 2015 NURHMS |w LC |c 1 |i A517142443 |d 16/10/2018 |f 16/10/2018 |g 1 |l STACKS |m P25UMARCHI |r N |s Y |t CD |u 15/10/2018 |1 AHSS |o .STAFF. MST-CD2579 | ||
